| 000 | 00610cam a22002171a 4500 | ||
|---|---|---|---|
| 001 | ca 13001997 | ||
| 003 | DLC | ||
| 005 | 20260227111059.0 | ||
| 008 | 820114s1889 ru 000 0 rus | ||
| 010 | _aca 13001997 | ||
| 035 | _a(OCoLC)8062174 | ||
| 040 |
_aDLC _cWU _dWU _dOCoLC _dDLC |
||
| 042 | _apremarc | ||
| 043 | _ae-ur--- | ||
| 050 | 0 | 0 |
_aDK5 _b.M3 |
| 100 | 1 |
_aMordovt͡sev, D. L. _q(Daniil Lukich), _d1830-1905. |
|
| 245 | 1 | 0 |
_aIstoricheskii͡a propilei / _cD. L. Mordovt͡sev. |
| 260 |
_aS.-Peterburg : _bTip. N.A. Lebedeva, _c1889. |
||
| 300 |
_a2 v. in 1 ; _c22 cm. |
||
| 651 | 0 |
_aRussia _xHistory. |
|
| 999 |
_c14740 _d14740 |
||